Electrical wizard : (Record no. 2162)

MARC details
000 -LEADER
fixed length control field 01872cam a2200385 i 4500
005 - DATE AND TIME OF LATEST TRANSACTION
control field 20231108083557.0
020 ## - INTERNATIONAL STANDARD BOOK NUMBER
International Standard Book Number 9780763658557
020 ## - INTERNATIONAL STANDARD BOOK NUMBER
International Standard Book Number 0763658553
020 ## - INTERNATIONAL STANDARD BOOK NUMBER
International Standard Book Number 9780545847216
040 ## - CATALOGING SOURCE
Original cataloging agency FOLLT
Language of cataloging eng
Transcribing agency FOLLT
Description conventions rda
Modifying agency FOLLT
-- JQM
-- OCLCA
-- YDXCP
-- BDX
-- BTCTA
-- XY4
-- OCLCO
-- ZAC
-- VP@
-- MUS
-- GZI
-- UBY
-- CZL
-- OCLCO
-- DLC
050 00 - LIBRARY OF CONGRESS CALL NUMBER
Classification number TK140.T4
Item number R87 2013
082 ## - DEWEY DECIMAL CLASSIFICATION NUMBER
Classification number 621.3
100 1# - MAIN ENTRY--PERSONAL NAME
Personal name Rusch, Elizabeth
Relator term author
245 10 - TITLE STATEMENT
Title Electrical wizard :
Remainder of title how Nikola Tesla lit up the world /
Statement of responsibility, etc. Elizabeth Rusch ; illustrated by Oliver Dominguez.
246 30 - VARYING FORM OF TITLE
Title proper/short title How Nikola Tesla lit up the world
250 ## - EDITION STATEMENT
Edition statement First edition
260 ## - PUBLICATION, DISTRIBUTION, ETC.
Place of publication, distribution, etc. New York :
Name of publisher, distributor, etc. Scholastic,
Date of publication, distribution, etc. 2013
300 ## - PHYSICAL DESCRIPTION
Extent 39 unnumbered pages :
Other physical details color illustrations ;
Dimensions 30 cm
505 ## - FORMATTED CONTENTS NOTE
Formatted contents note O
520 ## - SUMMARY, ETC.
Summary, etc. Here is the story of the ambitious young man who brought life-changing ideas to America, despite the obstructive efforts of his hero-turned-rival, Thomas Edison. From using alternating current, to lighting up the Chicago World's Fair, to harnessing Niagara to electrify New York City and beyond, Nikola Tesla was a revolutionary ahead of his time. Remote controls, fluorescent lights, X-rays, speedometers, cell phones, even the radio -- all resulted from Nikola Tesla's inventions.
521 ## - TARGET AUDIENCE NOTE
Target audience note 840
Source Lexile
521 ## - TARGET AUDIENCE NOTE
Target audience note O
Source Raz-Plus
650 #0 - SUBJECT ADDED ENTRY--TOPICAL TERM
Topical term or geographic name entry element Electrical engineers
Geographic subdivision United States
Form subdivision Biography
-- Juvenile literature.
650 #0 - SUBJECT ADDED ENTRY--TOPICAL TERM
Topical term or geographic name entry element Inventors
Geographic subdivision United States
Form subdivision Biography
-- Juvenile literature.
650 #0 - SUBJECT ADDED ENTRY--TOPICAL TERM
Topical term or geographic name entry element Serbian Americans
Form subdivision Biography
-- Juvenile literature.
650 #1 - SUBJECT ADDED ENTRY--TOPICAL TERM
Topical term or geographic name entry element Electrical engineers.
650 #1 - SUBJECT ADDED ENTRY--TOPICAL TERM
Topical term or geographic name entry element Inventors.
650 #1 - SUBJECT ADDED ENTRY--TOPICAL TERM
Topical term or geographic name entry element Serbian-Americans
Form subdivision Biography.
655 #0 - INDEX TERM--GENRE/FORM
Genre/form data or focus term Picture books for children.
655 #7 - INDEX TERM--GENRE/FORM
Genre/form data or focus term Picture books for children.
Source of term lcsh
700 1# - ADDED ENTRY--PERSONAL NAME
Personal name Dominguez, Oliver
Relator term illustrator
906 ## - LOCAL DATA ELEMENT F, LDF (RLIN)
a 7
b cbc
c pccadap
d 2
e epcn
f 20
g y-gencatlg
942 ## - ADDED ENTRY ELEMENTS (KOHA)
Source of classification or shelving scheme Dewey Decimal Classification
Koha item type Books
Suppress in OPAC No
999 ## -
-- 2162
-- 2162
Holdings
Withdrawn status Lost status Source of classification or shelving scheme Damaged status Not for loan Collection Home library Current library Shelving location Date acquired Total Checkouts Full call number Barcode Date last seen Price effective from Koha item type
    Dewey Decimal Classification     Non-Fiction Footprints International School Library Network Toul Kork Campus Footprints International School Library Network Toul Kork Campus A TK Campus, 4th Floor, Room B401, Non-Fiction Bookcases(7-8) 11/08/2023   RUS 621.3 TK140.T4 FISTK05591 11/08/2023 11/08/2023 Books